logo

Bir Sreshtho Munshi Abdur Rouf Library
Jhenaidah Cadet College

US-Chinese Strategic Triangles : (Record no. 12516)

MARC details
000 -LEADER
fixed length control field 02295cam a22004215i 4500
001 - CONTROL NUMBER
JCCL Control Number 12516
003 - CONTROL NUMBER IDENTIFIER
JCCL marc code BD-JhCC
005 - DATE AND TIME OF LATEST TRANSACTION
control field 20220612124125.0
008 - FIXED-LENGTH DATA ELEMENTS--GENERAL INFORMATION
fixed length control field 220611s2017 gw |||| o |||| 0|eng
020 ## - INTERNATIONAL STANDARD BOOK NUMBER
International Standard Book Number 9783319577470
035 ## - SYSTEM CONTROL NUMBER
system control number BD-JhCC (12516)
040 ## - CATALOGING SOURCE
Original cataloging agency DLC
Description conventions pn
-- rda
Transcribing agency DLC
Modifying agency BD-JhCC
041 ## - LANGUAGE CODE
Language code of Book eng
072 #7 - SUBJECT CATEGORY CODE
Subject category code JPS
Source bicssc
072 #7 - SUBJECT CATEGORY CODE
Subject category code JPS
Source thema
072 #7 - SUBJECT CATEGORY CODE
Subject category code POL011000
Source bisacsh
082 04 - DEWEY DECIMAL CLASSIFICATION NUMBER
Classification number 327.1
DDC Edition number 23
Author mark and Year ALI 20017
100 1# - MAIN ENTRY--PERSONAL NAME
Personal name Ali, S. Mahmud,
245 10 - TITLE STATEMENT
Title US-Chinese Strategic Triangles :
Remainder of title Examining Indo-Pacific Insecurity /
Statement of responsibility, etc by S. Mahmud Ali.
250 ## - EDITION STATEMENT
Edition statement 1st ed. 2017.
260 ## - PUBLICATION, DISTRIBUTION, ETC. (IMPRINT)
Place of publication, distribution, etc Switzerland,
Name of publisher, distributor, etc Springer,
Date of publication, distribution, etc 2017.
300 ## - PHYSICAL DESCRIPTION
Pagination 1 online resource (XIX, 263 pages)
Dimensions 21 cm.
490 1# - SERIES STATEMENT
Series statement Global Power Shift,
International Standard Serial Number 2198-7343
505 0# - FORMATTED CONTENTS NOTE
Formatted contents note 1. Theory and Reality of Indo-Pacific Insecurity -- 2. Insular and Peninsular Security Conundrums -- 3. China-Japan-US Hyper-Triumvirate -- 4. US-China-Russia Triadic Tensions -- 5. US-China-India Cyclical Powerplay -- 6. US-China-ASEAN Insecurity Histrionics -- 7. Contours of the Emergent Indo-Pacific Insecurity Architecture.
520 ## - SUMMARY, ETC.
Summary, etc This book reveals the nature of Sino-US strategic competition by examining the influence exerted by major secondary stakeholders, e.g. Japan, Russia, India, the Koreas, and ASEAN, on the two powers, USA and its rival China, who consider each other as a source of greatest challenges to their respective interests. By adopting "strategic triangles" as the analytical framework and assessing triangular relational dynamics, such as US-China-Japan or US-China-Russia, the author illustrates how secondary stakeholders advance their own interests by exploiting their respective linkages to the two rivals, thereby, shaping Sino-US completive dynamics. This work adds a regional and multivariable perspective to the understanding of the Indo-Pacific's insecurity challenges.
650 #0 - SUBJECT ADDED ENTRY--TOPICAL TERM
Topical term or geographic name as entry element Diplomacy.
650 #0 - SUBJECT ADDED ENTRY--TOPICAL TERM
Topical term or geographic name as entry element International relations.
650 #0 - SUBJECT ADDED ENTRY--TOPICAL TERM
Topical term or geographic name as entry element Peace.
650 #0 - SUBJECT ADDED ENTRY--TOPICAL TERM
Topical term or geographic name as entry element Security, International.
650 14 - SUBJECT ADDED ENTRY--TOPICAL TERM
Topical term or geographic name as entry element Foreign Policy.
650 24 - SUBJECT ADDED ENTRY--TOPICAL TERM
Topical term or geographic name as entry element Asian Politics.
650 24 - SUBJECT ADDED ENTRY--TOPICAL TERM
Topical term or geographic name as entry element Conflict Studies.
650 24 - SUBJECT ADDED ENTRY--TOPICAL TERM
Topical term or geographic name as entry element Diplomacy.
650 24 - SUBJECT ADDED ENTRY--TOPICAL TERM
Topical term or geographic name as entry element International Security Studies.
651 #0 - SUBJECT ADDED ENTRY--GEOGRAPHIC NAME
Geographic name Asia
General subdivision Politics and government.
830 #0 - SERIES ADDED ENTRY--UNIFORM TITLE
Uniform title Global Power Shift,
942 ## - ADDED ENTRY ELEMENTS (KOHA)
Source of classification or shelving scheme Dewey Decimal Classification
Koha item type Books
Holdings
Source of classification or shelving scheme Damaged status Not for loan Home library Current library Shelving location Date of accession Total Checkouts Full call number Barcode Date last seen Date checked out Copy number Koha item type
Dewey Decimal Classification     JCC Rouf Library JCC Rouf Library General Stacks 06/12/2022 1 327.1 ALI 20017 17376 03/04/2024 01/31/2024 C-1 Books

JCC Library | Contacts | JCC Home

Last Update on 23 September 2017
Copyright @ 2017-2020 JCC Rouf Library
Rouf Library, Jhenidah Cadet College (JCC), Bangladesh